01000nam a2200229 a 4500003000400000005001700004008004100021020001800062040001000080082002600090100004000116245008300156260006700239300002500306504003800331650003900369942001400408999001800422952011000440952011000550952011000660OSt20150408114122.0130304s2013 ua ||||g b 00| 0 ara d a9789773931895 aMA_UN04221a370.1bخ أ م1 aخليفة، أمل كرم92176310aمدخل إلى العلوم التربوية /cأمل كرم خليفة. aالقاهرة :bمكتبة بستان المعرفة،c2013 a163 ص. ؛c24 سم. aببليوجرافية : ص. 163. 72aucshaالتعليم xفلسفة 2ddccBOOK c28562d263062 1022013-03-254071a370.1 خ أ مc1d2013-03-25hCLi00203863mCLr2013-03-25 00:00:00tBOOKwddcy0 1022013-03-254070a370.1 خ أ مc2d2013-03-25hCLi00203862mCLr2013-03-25 00:00:00tBOOKwddcy0 1022013-03-254070a370.1 خ أ مc3d2013-03-25hCLi00203861mCLr2013-03-25 00:00:00tBOOKwddcy0